000 00450nam a2200169Ia 4500
999 _c1119
_d1119
003 OSt
005 20210524103535.0
008 151015s9999 xx 000 0 und d
020 _a8183820239
040 _aMMU
_beng
_cMMU
_dMMU
050 _aZ 56 .S755 2006
100 _aSingh, Harvinder
245 _aA Book of Stenography/
_cHavinder, Singh.
260 _aNew Delhi :
_bLocus press ,
_c2006.
650 _aStenography
942 _2lcc
_cLOAN LOAN